000 00634nam a2200241 i 4500
001 C2-0316330
003 PPAK
005 20180728112324.0
008 120723s2006 xxk |||| ||||| | eng d
020 _a1852525045
040 _aPPAK
_beng
_cPPAK
_erda
082 0 4 _a657.74
_223
090 0 0 _a657.74
_bLEA
_dR
100 1 _aLeach, Robert,
_eauthor
245 1 0 _aPayroll in 90 minutes
264 1 _aUnited Kingdom :
_bManagement Books 2000 ,
_c2006
300 _a144 pages ;
_c20 cm
336 _2rdacontent
_atext
337 _2rdamedia
_aunmediated
338 _2rdacarrier
_avolume
650 1 0 _aPayrolls.
942 _ddc
_cB
999 _c117467
_d117467